000 00664nam a22001937a 4500
003 koha_MIRAKIL
005 20250415153113.0
008 250415b tur||||| |||| 00| 0 tur d
020 _a9786256915404
040 _aTR-IsEVY
_btur
_cTR-IsEVY
082 _aFIC YİĞ/D
100 _aYiğitler, Şener Şükrü
245 0 _aDerin uykular tatlı rüyalar /
_cŞener Şükrü Yiğitler ; resimleyen Büşra Kaygın Gafarov.
260 _aİstanbul :
_bGünışığı Kitaplığı,
_c2024.
300 _a31 s. :
_brenkli resimli ;
_c23 cm.
650 _aÇocuk edebiyatı.
_vResimli Kitaplar.
700 1 _aGafarov, Büşra Kaygın.
_cresimleyen.
942 _2ddc
_cBK
999 _c21806
_d21806